书目信息 |
| 题名: |
藏族
|
|
| 作者: | 次仁央宗 著 | |
| 分册: | 27 | |
| 出版信息: | 北京 中国人口出版社 2013 |
|
| 页数: | 175页 | |
| 开本: | 23cm | |
| 丛书名: | 中国少数民族人口丛书 | |
| 单 册: | ||
| 中图分类: | K281.4 , K28 | |
| 科图分类: | ||
| 主题词: | 藏族--民族文化--中国 | |
| 电子资源: | ||
| ISBN: | 978-7-5101-2214-9 | |
| 000 | 01083oam2 2200301 450 | |
| 001 | 2339051076 | |
| 005 | 20231129003016.43 | |
| 010 | @a978-7-5101-2214-9@dCNY45.00 | |
| 100 | @a20181129d2013 em y0chiy50 ea | |
| 101 | 0 | @achi@eeng |
| 102 | @aCN@b110000 | |
| 105 | @aa z 000yy | |
| 200 | 1 | @a藏族@Azang zu@h27@f次仁央宗著 |
| 210 | @a北京@c中国人口出版社@d2013 | |
| 215 | @a175页@c图@d23cm | |
| 225 | 52 | @a中国少数民族人口丛书@f翟振武主编 |
| 300 | @a国家出版基金项目 | |
| 307 | @a附光盘:ISBN 978-7-900296-29-0 | |
| 312 | @a封面英文题名:The Tibetan nationality | |
| 330 | @a本书主要内容有海洋托起初升的高原、信仰——镶嵌在心灵的印记、绚丽多姿的行居习俗、生活在这里的人们等,详尽地介绍了藏族的历史、形成、迁徙;介绍了藏族的宗教、民居民俗、婚丧嫁娶、服饰、饮食、节日、艺术及文化。 | |
| 410 | 0 | @12001 @a中国少数民族人口丛书 |
| 510 | 1 | @aTibetan nationality@zeng |
| 606 | 0 | @a藏族@x民族文化@y中国 |
| 690 | @aK281.4@v5 | |
| 690 | @aK28@v4 | |
| 701 | 0 | @c(藏)@a次仁央宗@Aci ren yang zong@c(女)@4著 |
| 801 | 0 | @aCN@b91MARC@c20181129 |
| 905 | @aZUCC@dK28@e29:27 | |
| 藏族.27/次仁央宗著.-北京:中国人口出版社,2013 |
| 175页:图;23cm.-(中国少数民族人口丛书/翟振武主编) |
| 国家出版基金项目 |
| ISBN 978-7-5101-2214-9:CNY45.00 |
| 本书主要内容有海洋托起初升的高原、信仰——镶嵌在心灵的印记、绚丽多姿的行居习俗、生活在这里的人们等,详尽地介绍了藏族的历史、形成、迁徙;介绍了藏族的宗教、民居民俗、婚丧嫁娶、服饰、饮食、节日、艺术及文化。 |
| ● |
| 相关链接 |
|
|
|
正题名:藏族
索取号:K28/29:27
 
预约/预借
| 序号 | 登录号 | 条形码 | 馆藏地/架位号 | 状态 | 备注 |
| 1 | 2001005118 | 2001005118 | 第四书库/四33架B面4层3列/ [索取号:K28/29:27] | 在馆 | |
| 2 | 2001005119 | 2001005119 | 第四书库/四33架B面4层3列/ [索取号:K28/29:27] | 在馆 | |
| 3 | 2001005120 | 2001005120 | 第四书库/四33架B面4层3列/ [索取号:K28/29:27] | 在馆 | |
| 4 | 2001005121 | 2001005121 | 第四书库/四33架B面4层3列/ [索取号:K28/29:27] | 在馆 | |
| 5 | 2001005122 | 2001005122 | 第四书库/四33架B面4层3列/ [索取号:K28/29:27] | 在馆 | |
| 6 | 2001005123 | 2001005123 | 第四书库/四33架B面4层3列/ [索取号:K28/29:27] | 在馆 |